Thermodynamics applied to heat engines (Record no. 545700)

000 -LEADER
fixed length control field 00527nam a2200169Ia 4500
082 ## - DEWEY DECIMAL CLASSIFICATION NUMBER
Classification number 621.4021
Author Mark LEW
-- L-25, P-26
100 ## - MAIN ENTRY--PERSONAL NAME
Personal name Lewitt- E. H.
9 (RLIN) 38613
245 ## - TITLE STATEMENT
Title Thermodynamics applied to heat engines
Remainder of title E.h. lewitt
250 ## - EDITION STATEMENT
Edition statement 7th ed.
260 ## - PUBLICATION, DISTRIBUTION, ETC.
Place of publication, distribution, etc. London
Name of publisher, distributor, etc. Sir Isaac Pitman and Sons
Date of publication, distribution, etc. c1977.
300 ## - PHYSICAL DESCRIPTION
Extent xiv, 828p
Other physical details ill.
Dimensions 24 cm
526 ## - STUDY PROGRAM INFORMATION NOTE
Program name 0
Interest level 0
Reading level 0
Title point value 621_402100000000000_LEW
526 ## - STUDY PROGRAM INFORMATION NOTE
Program name 0
Interest level 0
Reading level 0
Title point value 621_402100000000000_LEW
650 ## - SUBJECT ADDED ENTRY--TOPICAL TERM
Topical term or geographic name entry element Heat-engines -- Thermodynamics
9 (RLIN) 41649
650 ## - SUBJECT ADDED ENTRY--TOPICAL TERM
Topical term or geographic name entry element MCE
9 (RLIN) 379
942 ## - ADDED ENTRY ELEMENTS (KOHA)
Source of classification or shelving scheme
Koha item type Book
Holdings
Withdrawn status Lost status Source of classification or shelving scheme Damaged status Not for loan Permanent Location Current Location Date acquired Total Checkouts Full call number Barcode Date last seen Price effective from Koha item type Date last checked out
          Military College of Engineering (MCE) Military College of Engineering (MCE) 05/28/2014   621.4021 LEW MCE-6374 05/28/2014 05/28/2014 Book  
          Military College of Engineering (MCE) Military College of Engineering (MCE) 05/15/2015 2 621.4021 LEW MCE-6472 06/22/2018 05/15/2015 Book 10/16/2017
© 2023 Central Library, National University of Sciences and Technology. All Rights Reserved.